Reneé Rapp - Talk too much lyrics - Statistics

General Stats
  • This quiz has been taken 100 times
  • The average score is 339 of 416
Answer Stats
Answer % Correct
i
100%
talk
97%
then
97%
think
97%
to
97%
a
95%
much
95%
too
95%
i'm
93%
my
93%
you
93%
if
92%
in
90%
it
90%
the
90%
up
90%
and
89%
do
89%
me
89%
out
89%
what
89%
happiness
87%
here
87%
myself
87%
of
87%
own
87%
talking
87%
again
85%
be
85%
but
84%
it's
84%
its
84%
just
84%
sign
84%
that
84%
know
82%
love
82%
may
82%
right
82%
so
82%
we
82%
all
80%
blue
80%
break
80%
car
80%
everything
80%
see
80%
wonder
80%
as
79%
cause
79%
have
79%
like
79%
taking
79%
crazy
77%
mean
77%
silence
77%
should
75%
sit
75%
could
74%
eyes
74%
head
74%
no
74%
probably
74%
today
74%
we'll
74%
blood
72%
close
72%
drive
72%
by
70%
make
70%
mouth
70%
rains
70%
wanna
70%
i'll
69%
mad
69%
with
69%
bleed
67%
deal
67%
does
67%
don't
67%
forever
67%
made
67%
not
67%
over
67%
that's
67%
there
67%
while
67%
feel
66%
hell
66%
maybe
66%
more
66%
still
66%
tasted
66%
cute
64%
even
64%
left
64%
ooh
64%
didn't
62%
dream
62%
'til
62%
woke
62%
quit
59%
said
59%
having
57%
okay
57%
looked
56%
saying
56%
actually
52%
idea
52%
are
49%
at
43%
shit
41%
cool
39%
holy
38%
care
36%
hate
36%
fuck
33%
is
33%
resent
33%
shut
33%
gonna
26%
this
26%
forgive
23%
honest
20%
ah
18%
wondering
15%
No matching quizzes found
Score Distribution
Percent of People with Each Score
Percentile by Number Answered
Your Score History
You have not taken this quiz